000 00358 a2200169 4500
001 186012
020 _a85-7666-331-7
040 _cMagnum
100 _aMaluhy, Suzana
240 1 0 _aCiências 7ª série
_lpor
245 1 0 _aCiências 7ª série
300 _a
362 0 _a2000
440 1 _aEscala Educacional
697 _aCIÊNCIAS
942 _cBK
999 _c186012
_d186012